000 00808nam a2200241 4500
003 OSt
005 20260601193846.0
008 260420b1991 ag |||| |||| 00| 0 spa d
040 _aICI
_bspa
_cICI
050 _aDS481.G3
_bC6518
100 1 _aColloti Pischel, Enrica,
_931453
245 1 _aGandhi y la no violencia /
_cEnrica collotti pischel ; traducción de luciana daelli
264 _bNueva vision,
_c1991
_aBuenos Aires :
300 _a95 páginas
336 _atexto
_2rdacontent
337 _asin medio
_2rdamedia
338 _avolumen
_2rdacarrier
490 _a Coleccion diagonal
600 _aGandhi,
_c Mahatma,
_d1869-1948
_931454
700 _aDaelli, Luciana,
_etraductor
_931455
700 _aTraducción de: |a Colloti Pischel, Enrica.
_eGandhi e la non violenza
_931456
942 _2lcc
_cB
999 _c21644
_d21644